000 00306nam a22001457a 4500
008 210310b ||||| |||| 00| 0 eng d
020 _a0121820866
041 _aeng
080 _a61
082 _a61
100 _a3
101 _aSHM
245 _aMethods in Enzymology
_cGoeddel,V.D
942 _2udc
_cBK
999 _c56189
_d56189